हिंदू स्त्री का जीवन / (Record no. 119145)
[ view plain ]
| 000 -LEADER | |
|---|---|
| fixed length control field | 01206nam a22002657a 4500 |
| 005 - DATE AND TIME OF LATEST TRANSACTION | |
| control field | 20170124103127.0 |
| 010 ## - LIBRARY OF CONGRESS CONTROL NUMBER | |
| LC control number | B-185959 |
| 020 ## - INTERNATIONAL STANDARD BOOK NUMBER | |
| Terms of availability | 150.00 |
| 035 ## - SYSTEM CONTROL NUMBER | |
| System control number | B-185959 |
| 037 ## - SOURCE OF ACQUISITION | |
| Source of stock number/acquisition | Cen Lib/Ret |
| 040 ## - CATALOGING SOURCE | |
| Original cataloging agency | DPL |
| Language of cataloging | HN |
| 082 ## - DEWEY DECIMAL CLASSIFICATION NUMBER | |
| Classification number | 305.42 |
| Item number | पंडिता |
| 100 ## - MAIN ENTRY--PERSONAL NAME | |
| Personal name | पंडिता रमाबाई |
| 9 (RLIN) | 83564 |
| 245 ## - TITLE STATEMENT | |
| Title | हिंदू स्त्री का जीवन / |
| Statement of responsibility, etc | पंडिता रमाबाई ; अनुवादक शंभू जोशी |
| 246 ## - VARYING FORM OF TITLE | |
| Title proper/short title | Hindu stri ka jeevan / |
| Remainder of title | by Pandita Ramabaai ; anuvadak Shambhu Joshi |
| 260 ## - PUBLICATION, DISTRIBUTION, ETC. (IMPRINT) | |
| Name of publisher, distributor, etc | संवाद प्रकाशन |
| Place of publication, distribution, etc | मेरठ |
| Date of publication, distribution, etc | 2006 |
| 270 ## - ADDRESS | |
| City | मेरठ |
| Postal code | 250 004 |
| Address | आई-499, शास्त्रीनगर |
| 300 ## - PHYSICAL DESCRIPTION | |
| Extent | 119पृ. |
| Dimensions | 20सेमी(सजिल्द) |
| 650 ## - SUBJECT ADDED ENTRY--TOPICAL TERM | |
| Topical term or geographic name as entry element | धर्म व समाज -- स्त्रियों का स्थान |
| 9 (RLIN) | 83565 |
| 650 ## - SUBJECT ADDED ENTRY--TOPICAL TERM | |
| Topical term or geographic name as entry element | नारी -- वैवाहिक अधिकार |
| 9 (RLIN) | 83566 |
| 650 ## - SUBJECT ADDED ENTRY--TOPICAL TERM | |
| Topical term or geographic name as entry element | Religion and society - for women |
| 9 (RLIN) | 83567 |
| 650 ## - SUBJECT ADDED ENTRY--TOPICAL TERM | |
| Topical term or geographic name as entry element | Woman - marital rights |
| 9 (RLIN) | 83568 |
| 700 ## - ADDED ENTRY--PERSONAL NAME | |
| Personal name | जोशी, शंभू |
| 9 (RLIN) | 83569 |
| 942 ## - ADDED ENTRY ELEMENTS (KOHA) | |
| Source of classification or shelving scheme | Dewey Decimal Classification |
| Koha item type | Hindi Books |
| Classification part | 305.42 |
| Call number suffix | पंडिता |
| Withdrawn status | Lost status | Damaged status | Not for loan | Home library | Current library | Date acquired | Source of acquisition | Cost, normal purchase price | Total Checkouts | Total Renewals | Full call number | Barcode | Date last seen | Date checked out | Copy number | Cost, replacement price | Price effective from | Koha item type |
|---|---|---|---|---|---|---|---|---|---|---|---|---|---|---|---|---|---|---|
| Central Library | Central Library | 15/09/2015 | Cen Lib/Ret | 150.00 | 4 | 1 | 305.42 पंडिता | B-185959 | 07/12/2024 | 16/11/2024 | 1 | 150.00 | 15/09/2015 | Hindi Books |
